000 00630cam a2200217 4500
008 000000n2002 000 0 eng u
020 _a186081574X
035 _a(Sirsi) u120053
041 _aeng
050 _a691
110 _aBuilding Research Establishment
245 _aAssessing moisture in building materials. Part 1 : sources of moisture
260 _aLondon
_bCRC
_c2002
300 _a6p.
_bill.
_c30cm.
490 _aBRE Good Repair Guide
_v33 Part 1
650 _aBUILT ENVIRONMENT-BUILDING MATERIALS
650 _aDAMP
650 _aMOISTURE
690 _aBUILT ENVIRONMENT-BUILDING MATERIALS
942 _n0
999 _c102465
_d102465